The kissing bridge #3 [Large Print] / Tricia ... Read More
Available copies
- 1 of 1 copy available at LARL/NWRL Consortium.
- 1 of 1 copy available at Lake Agassiz Regional Library. (Show preferred library)
Current holds
0 current holds with 1 total copy.
Show Only Available Copies
| Location | Call Number / Copy Notes | Barcode | Shelving Location | Status | Due Date |
|---|---|---|---|---|---|
| Moorhead Public Library | LARGE PRINT C GOY (Text) | 33500011903341 | Main | Available | - |
Record details
- ISBN: 9781410469465 (hardcover)
- ISBN: 1410469468 (hardcover)
- Physical Description: 401 pages (large print) ; 23 cm.
- Edition: Large print edition.
- Publisher: Waterville, Maine : Thorndike Press, 2014.
Content descriptions
| Summary, etc.: | Caught between a stifling Amish community and an ... Read More |
Search for related items by subject
| Subject: | Dating (Social customs) > Fiction. Large type books. Montana > Fiction. |
| Genre: | Love stories. Christian fiction. |
Search for related items by series
| LDR | 01658cam a22004218i 4500 | ||
|---|---|---|---|
| 001 | 168890 | ||
| 003 | LARL_NWRL_CONSORTIUM | ||
| 005 | 20140805125352.0 | ||
| 008 | 140226s2014 meu d 000 1 eng | ||
| 020 | . | ‡a9781410469465 (hardcover) | |
| 020 | . | ‡a1410469468 (hardcover) | |
| 035 | . | ‡a(OCoLC)871200086 | |
| 042 | . | ‡apcc | |
| 082 | 0 | 0. | ‡a813/.6 ‡223 |
| 100 | 1 | . | ‡aGoyer, Tricia. ‡0(LARL_NWRL_CONSORTIUM)133209 |
| 245 | 1 | 4. | ‡aThe kissing bridge ‡n#3 ‡h[Large Print] / ‡cTricia Goyer. |
| 250 | . | ‡aLarge print edition. | |
| 260 | . | ‡aWaterville, Maine : ‡bThorndike Press, ‡c2014. | |
| 300 | . | ‡a401 pages (large print) ; ‡c23 cm. | |
| 336 | . | ‡atext ‡btxt ‡2rdacontent | |
| 337 | . | ‡aunmediated ‡bn ‡2rdamedia | |
| 338 | . | ‡avolume ‡bnc ‡2rdacarrier | |
| 490 | 0 | . | ‡aSeven brides for seven bachelors ; ‡v3 |
| 520 | . | ‡aCaught between a stifling Amish community and an unnerving outside world, a devout young woman on the run is about to become the newest arrival to West Kootenai, Montana. | |
| 650 | 0. | ‡aDating (Social customs) ‡vFiction. ‡0(LARL_NWRL_CONSORTIUM)164536 | |
| 650 | 0. | ‡aLarge type books. ‡0(LARL_NWRL_CONSORTIUM)24284 | |
| 651 | 0. | ‡aMontana ‡vFiction. ‡0(LARL_NWRL_CONSORTIUM)166002 | |
| 655 | 7. | ‡aLove stories. ‡2gsafd | |
| 655 | 7. | ‡aChristian fiction. ‡2gsafd | |
| 901 | . | ‡a168890 ‡bOCLC ‡c168890 ‡tbiblio | |

Add to basket
Permalink
Disable Highlighting